000 00562nam a2200229Ia 4500
003 OSt
005 20220916111030.0
006 a|||||r|||| 00| 0
007 ta
008 220915b |||||||| |||| 00| 0 eng d
024 _a123879
037 _cTextbook
040 _beng
_aARTS
_cARTS
041 _aeng
082 _aV63:4:N06, D7 (906)
100 _aBosman Walter
245 0 _aNatal rebellion of 1906
260 _c1907
650 _aHISTORY
942 _hV63:4:N06, D7 (906)
_cTB
_2CC
999 _c103936
_d103936